00677nac a22001931u 4500020001600000082001500016090001500031100003400046245005500080260006400135300002800199500002600227511002600253650002600279700003100305942001700336999001500353952011500368 a 0852975708 a658.8bMEE c5777d5777 aMeek, Helen.  aMarketing management /cHelen Meek & Richard Meek. aCanterbury :b Institute of Financial Services, 2001.c2001 aviii, 390 p. ;c 25 cm. adistributer: Al-Ahram acatalogued by: wessam amarketingxmanagement aMeek, R. M.q (Richard M.) cBBk658.8MEE c5777d5777 00104070aMAINbMAINc1STd2007-11-05ePurchasel1o658.8MEEp000007180r2025-07-15 00:00:00s2015-11-23yBB